Практикум по общей химии; Ч. 1 : Строение вещества

التفاصيل البيبلوغرافية
المؤلف الرئيسي: Мартинец Н. В.
مؤلف مشترك: Московский электротехнический институт связи
مؤلفون آخرون: Путилова И. Н. (редактор)
اللغة:الروسية
منشور في: Москва, Связьиздат, 1957
الموضوعات:
التنسيق: MixedMaterials كتاب
KOHA link:https://koha.lib.tpu.ru/cgi-bin/koha/opac-detail.pl?biblionumber=262066

MARC

LEADER 00000nam0a2200000 4500
001 262066
005 20231101233623.0
035 |a (RuTPU)RU\TPU\book\285048 
090 |a 262066 
100 |a 20140529d1957 m y0rusy50 ca 
101 0 |a rus 
102 |a RU 
105 |a a j 000zy 
200 1 |a Практикум по общей химии  |h Ч. 1 : Строение вещества  |f Н. В. Мартинец  |g Московский электротехнический институт связи ; под ред. И. Н. Путиловой 
210 |a Москва  |c Связьиздат  |d 1957 
215 |a 62 с.  |c ил. 
606 1 |a Химия общая  |2 stltpush  |3 (RuTPU)RU\TPU\subj\67862  |9 83510 
610 1 |a учебные пособия 
610 1 |a практикумы 
610 1 |a атомно-молекулярное учение 
610 1 |a атомы 
610 1 |a молекулы 
610 1 |a химическое строение 
675 |a 54(076.5)  |v 3 
700 1 |a Мартинец  |b Н. В. 
702 1 |a Путилова  |b И. Н.  |4 340 
712 0 2 |a Московский электротехнический институт связи  |2 stltpush  |3 (RuTPU)RU\TPU\col\8902  |9 24626 
801 1 |a RU  |b 63413507  |c 20140529 
801 2 |a RU  |b 63413507  |c 20140602  |g RCR 
942 |c BK